| 000 | 01882cam a2200517 a 4500 | ||
|---|---|---|---|
| 001 | 20708 | ||
| 003 | VRT | ||
| 005 | 20260130114457.0 | ||
| 008 | 240621s1996 xo g 0000f slo | ||
| 015 | _aSNBA1997/0702073 | ||
| 020 | _a8022007099 | ||
| 035 | _aSNK000168983 | ||
| 035 | _aurn:nbn:sk:snk-amk5dr | ||
| 035 | _aurn:nbn:sk:snk-am00557q | ||
| 035 | _a5425B04A-937A-4E3E-B8F9-EC98F54C42EC | ||
| 039 | 9 |
_a202406261141 _bmsnk176 _c202406211114 _dVLOAD _c202406200852 _dVLOAD _c202403131649 _dVLOAD |
|
| 040 |
_aSNK _bslo _cSNK _eAACR2 |
||
| 041 | 1 |
_aslo _heng |
|
| 044 |
_axo _cSK |
||
| 072 | 7 |
_a821.111(73)-3 _xAmerická próza _2konspekt |
|
| 080 |
_a820 (73)-3 _21981 |
||
| 080 |
_a821.111(73)-31 _22011 |
||
| 080 |
_a(0:82-312.4) _22011 |
||
| 100 | 1 |
_aHunter, Evan, _d1926-2005 _4aut |
|
| 240 | 1 | 0 |
_aCriminal conversation _lSlovensky |
| 245 | 1 | 0 |
_aRozhovor _cEvan Hunter ; z anglického originálu preložila Katarína Jusková |
| 260 |
_aBratislava _bSlovenský spisovateľ _cc1996 |
||
| 300 |
_a287 s. _c21 cm |
||
| 490 | 1 | _aZelená knižnica | |
| 500 | _aÚdaj o prekl. prevzatý z rubu tit. strany | ||
| 655 | 7 |
_aAmerican novels _2SNKPHeng |
|
| 655 | 7 |
_adetektívne romány _2SNKPH |
|
| 655 | 7 |
_aamerické romány _2SNKPH |
|
| 655 | 7 |
_aDetective novels _2SNKPHeng |
|
| 700 | 1 |
_aJusková, Katarína, _d1947- _4trl |
|
| 830 | 0 | _aZelená knižnica | |
| 911 |
_aKN 1997/07 _b02073 |
||
| 942 |
_2ddc _cKLDO _n0 |
||
| 949 |
_6270001000046012 _asvkbbA 91951 _p604.491 |
||
| 949 |
_9P60, <09>, [BOOK], {629} _asnkC 3072 _bsnk4018/961118 |
||
| 949 |
_617A0017352 _9P60, <03>, [BOOK], {603} _asnkSC 91693 _bsnkKSP 9843/96 _s6100:20140925 |
||
| 949 |
_617A0017353 _9P60, <05>, [BOOK], {605} _asnkSC 91693 D1 _bsnkKSP 9844/96 |
||
| 949 |
_6273K0229393 _asvkpoA 168525 _bsvkpo418965 |
||
| 999 |
_c20708 _d20708 |
||